Economic and monetary union legal and political texts
Salvato in:
| Enti autori: | , |
|---|---|
| Natura: | Libro |
| Lingua: | inglese |
| Pubblicazione: |
Luxembourg
Office for Official Publications of the European Communities
2007
|
| Soggetti: | |
| Tags: |
Nessun Tag, puoi essere il primo ad aggiungerne!!
|
MARC
| LEADER | 00000nam$a2200000$$$4500 | ||
|---|---|---|---|
| 001 | 0067230 | ||
| 005 | 20240109070812.3 | ||
| 020 | |a 92-824-3259-9 | ||
| 041 | 0 | |a eng | |
| 044 | |a LU | ||
| 245 | 1 | 0 | |a Economic and monetary union |b legal and political texts |c june 2007 |
| 264 | 1 | |a Luxembourg |b Office for Official Publications of the European Communities |c 2007 | |
| 300 | |a 275 s. | ||
| 610 | 2 | 0 | |a únie hospodárske |
| 610 | 2 | 0 | |a únie menové |
| 610 | 2 | 0 | |a legislatíva |
| 610 | 2 | 0 | |a dohody medzinárodné |
| 610 | 2 | 0 | |a zmluvy |
| 610 | 2 | 0 | |a dohody asociačné |
| 610 | 2 | 0 | |a spolupráca hospodárska medzinárodná |
| 710 | 2 | |a Council of the European Union. General Secretariat | |
| 710 | 2 | |a European Commission | |